00573nam a22001697a 450000500170000001000150001702000260003203500140005803700090007208200090008110000190009024500860010925000060019526000480020127001330024930000210038220241001124024.0 aENG-141846 a9789390869657c300.00 aEN-125378 bDBAD aS21 aDarooka, Mehul aLove Under Siege:bA Nerve Wracking and Adventurous Love Story/cBy Mehul Darooka a1 bVishwakarma Publicationsc2022aMaharashtra a34A/1, Suyog Center, 7th floor, Gultekedi Marketyard Road, Giridhar Bhavan Chowk, e411037bPuneminfo@vpindia.co.ink9168682200 a215p.c22cm (pb)